000 02345cam a2200193 4500500
005 20251228095010.0
041 _afre
042 _adc
100 1 0 _aBouit, Delphine
_eauthor
700 1 0 _aLévi, Florence
_eauthor
245 0 0 _aÀ vue de nez
260 _c2015.
500 _a61
520 _aParticiperont à cette étude à propos du nu en peinture Edgar Degas, influencé par Eugène Delacroix, Édouard Vuillard s’inspirant de Pierre Bonnard, ainsi que deux peintres illustres de la grande Vienne, Egon Schiele et Gustav Klimt. Le corps de femme nue sera ici commenté sous ses différents aspects : d’abord, égorgée ou brutalisée, crispée, pudique, timide et soumise ; puis sensuelle et lumineuse, suggérant parfois pureté et innocence ; osée et provocante, enfin. En peinture, le regard a une importance particulière : il est indissociable de la poésie, de la musique du tableau.
520 _aThis study of the nude in painting will be carried out with the participation of Edgar Degas, influenced by Eugène Delacroix, of Edouard Vuillard, inspired by Pierre Bonnard, and of two illustrious painters of the great Viennese school, Egon Schiele and Gustav Klimt. The female nude will be commented in its different aspects : first as a butchered or brutalized body, tense, modest, shy and submissive ; then in its sensuous and radiant dimensions, suggesting at times purity and innocence, finally, as daring and provocative. In painting, our gaze is particularly crucial ; it cannot be separated from the poetry and music of a given work.
520 _aPara este estudo sobre a nudez na pintura, serão convocados Edgar Degas, influenciado por Eugène Delacroix, Edouard Vuillard, que se inspira de Pierre Bonnard, e dois outros ilustres pintores da Escola de Viena, Egon Schiele e Gustav Klimt. Considerar-se-á o corpo nu da mulher sob diversos ângulos : estrangulado e brutalizado, crispado, púdico, tímido e submisso, por um lado ; sensual e luminoso, por outro, sugerindo, por vezes, pureza e inocência ; corpo ousado e provocador, por fim. No centro, destaca-se o olhar, indispensável tanto à poesia como à música da pintura.
786 0 _nSigila | 35 | 1 | 2015-03-01 | p. 59-59 | 1286-1715
856 4 1 _uhttps://shs.cairn.info/revue-sigila-2015-1-page-59?lang=fr&redirect-ssocas=7080
999 _c1605297
_d1605297